<?xml version="1.0" encoding="UTF-8"?>
<record
    xmlns:xsi="http://www.w3.org/2001/XMLSchema-instance"
    xsi:schemaLocation="http://www.loc.gov/MARC21/slim http://www.loc.gov/standards/marcxml/schema/MARC21slim.xsd"
    xmlns="http://www.loc.gov/MARC21/slim">

  <leader>00549nam a22001577aa4500</leader>
  <controlfield tag="003">OSt</controlfield>
  <controlfield tag="005">20170418165607.0</controlfield>
  <controlfield tag="008">170119s2016||||cat|||||||||||||||||cat|d</controlfield>
  <datafield tag="040" ind1=" " ind2=" ">
    <subfield code="a">CDMR</subfield>
    <subfield code="b">cat</subfield>
    <subfield code="c">CDMR</subfield>
  </datafield>
  <datafield tag="245" ind1="0" ind2="0">
    <subfield code="a">Codi Deontol&#xF2;gic</subfield>
    <subfield code="b">: declaraci&#xF3; de principis de la professi&#xF3; period&#xED;stica a Catalunya</subfield>
  </datafield>
  <datafield tag="260" ind1=" " ind2=" ">
    <subfield code="a">Barcelona</subfield>
    <subfield code="c">2016</subfield>
    <subfield code="b">Col.legi de Periodistes de Catalunya</subfield>
  </datafield>
  <datafield tag="300" ind1=" " ind2=" ">
    <subfield code="a">15 p.</subfield>
  </datafield>
  <datafield tag="710" ind1="2" ind2=" ">
    <subfield code="9">133</subfield>
    <subfield code="a">Col&#xB7;legi de Periodistes de Catalunya</subfield>
  </datafield>
  <datafield tag="856" ind1="4" ind2="0">
    <subfield code="u">http://omeka.periodistes.org/items/show/403</subfield>
    <subfield code="y">Disponible en l&#xED;nia</subfield>
  </datafield>
  <datafield tag="942" ind1=" " ind2=" ">
    <subfield code="c">FULLET</subfield>
    <subfield code="2">udc</subfield>
  </datafield>
  <datafield tag="999" ind1=" " ind2=" ">
    <subfield code="c">6989</subfield>
    <subfield code="d">6989</subfield>
  </datafield>
  <datafield tag="952" ind1=" " ind2=" ">
    <subfield code="0">0</subfield>
    <subfield code="1">0</subfield>
    <subfield code="4">0</subfield>
    <subfield code="7">0</subfield>
    <subfield code="a">CDMR</subfield>
    <subfield code="b">CDMR</subfield>
    <subfield code="d">2017-01-19</subfield>
    <subfield code="l">1</subfield>
    <subfield code="o">Ci 1.1/33</subfield>
    <subfield code="p">CDMR17040001</subfield>
    <subfield code="r">2017-05-10</subfield>
    <subfield code="s">2017-04-18</subfield>
    <subfield code="w">2017-01-19</subfield>
  </datafield>
</record>
